000 00373nam a2200145Ia 4500
008 230917s9999||||xx |||||||||||||| ||und||
040 _e156275
_aMAIN
041 _aEnglish
082 _a320.84 W893R
100 _aWorld Bank
245 0 _aRural governments and service delivery
260 _aNew York
_bOxford University Press
_c2008
300 _a127p p.
942 _cBK
999 _c154852
_d154852